Introducción al estudio de las hormigas (Hymenopteras: Formicidae) de Colombia (Registro nro. 12893)

Detalles MARC
000 -CABECERA
Campo de control 008730000a22002410004500
090 ## - CLASIFICACIÓN LOCAL
Colección AR
Consecutivo 03858
041 0# - IDIOMA
Código de idioma para texto/pista de sonido o título separado
245 10 - MENCION DE TITULO
Título Introducción al estudio de las hormigas (Hymenopteras: Formicidae) de Colombia
260 ## - PUBLICACION, DISTRIBUCION, ETC. (PIE DE IMPRENTA)
Lugar de publicación, distribución, etc. Bogotá
Nombre del editor, distribuidor, etc. Academia Colombiana de Ciencias Exactas, Fisícas y Naturales
Fecha de publicación, distribución, etc. 1996
260 ## - PUBLICACION, DISTRIBUCION, ETC. (PIE DE IMPRENTA)
Nombre del editor, distribuidor, etc. CEJA
300 ## - DESCRIPCION FISICA
Extensión p. 349-359
500 ## - NOTA GENERAL
Nota general <Colección Recursos Genéticos>
650 14 - ASIENTO SECUNDARIO DE MATERIA - TERMINO TEMATICO
Término temático o nombre geográfico como elemento de entrada Entomología
650 14 - ASIENTO SECUNDARIO DE MATERIA - TERMINO TEMATICO
Término temático o nombre geográfico como elemento de entrada Filogenética
650 14 - ASIENTO SECUNDARIO DE MATERIA - TERMINO TEMATICO
Término temático o nombre geográfico como elemento de entrada Taxonomía animal
651 #4 - ASIENTO SECUNDARIO DE MATERIA - NOMBRE GEOGRAFICO
-- Colombia
700 1# - ASIENTO SECUNDARIO - NOMBRE PERSONAL
Nombre personal Fernández Castiblanco, Fernando
700 1# - ASIENTO SECUNDARIO - NOMBRE PERSONAL
Nombre personal Palacio G, Edgard E.
700 1# - ASIENTO SECUNDARIO - NOMBRE PERSONAL
Nombre personal Mackay, William P.
700 1# - ASIENTO SECUNDARIO - NOMBRE PERSONAL
Nombre personal MarcKay, Emma s. de
773 1# - Item fuente:
Título En Andrade Correa, Miguel Gonzalo., Amat, Germán., Fernández Castiblanco, Fernando. Eds./ Insectos de Colombia
942 ## - ELEMENTOS ADICIONALES (KOHA)
Tipo de ítem Artículo
Existencias
Withdrawn status Lost status Damaged status No para préstamo Colección Ubicación Permanente Ubicación actual Fecha de adquisición Fuente de Valor Datos de publicación Seriada Total Checkouts Número topográfico Inventario / Código de Barras Date last seen Price effective from Forma de adquisición Tipo de material
      No para Préstamo Hemeroteca Bogotá Bogotá 27/02/2015 Rincón, Martha Fuera de circulación   AR 03858 017413 25/03/2015 25/03/2015   Artículo